Độc tấu thơ, sáng tác và biểu diễn Tựa của nhà thơ Thanh Tịnh

Một số ý kiến về độc tấu thơ; Những kinh nghiệm sáng tác và biểu diễn, nhận xét và đánh giá; Tuyển chọn các sáng tác thơ từ 1947-1977 trong phong trào sáng tác biểu diễn độc tấu, thời kỳ chống pháp, chống Mỹ và xây dựng CNXH trong cả nước...

Cijeli opis

Spremljeno u:
Bibliografski detalji
Daljnji autori: Lê Bốn (Tác giả), Lưu Quang Thuận (Tác giả), Trần Sắc (Tác giả), Huy Thanh (Tác giả)
Format: Knjiga
Jezik:Vietnamese
Izdano: H. Văn hoá 1978
Teme:
Oznake: Dodaj oznaku
Bez oznaka, Budi prvi tko označuje ovaj zapis!
Thư viện lưu trữ: Mạng thư viện Đại học Đà Nẵng
LEADER 01583nam a2200385 4500
001 000009707
003 5904
005 20120409140422.0
008 111031s1978 viesd
020 |c 8600đ 
041 0 |a vie 
082 |a 895.9221  |b ĐÔC 
245 0 |a Độc tấu thơ, sáng tác và biểu diễn  |b Tựa của nhà thơ Thanh Tịnh  |c Thanh Tịnh, Lưu Quang Thuận, Trần Sắc... 
260 |a H.  |b Văn hoá  |c 1978 
300 |a 225tr : ảnh  |c 19 cm. 
520 |a Một số ý kiến về độc tấu thơ; Những kinh nghiệm sáng tác và biểu diễn, nhận xét và đánh giá; Tuyển chọn các sáng tác thơ từ 1947-1977 trong phong trào sáng tác biểu diễn độc tấu, thời kỳ chống pháp, chống Mỹ và xây dựng CNXH trong cả nước 
653 |a Độc tấu 
653 |a Phê bình văn học 
653 |a Thơ 
653 |a Văn học hiện đại 
653 |a Việt nam 
700 |a Lê Bốn  |e Tác giả 
700 |a Lưu Quang Thuận  |e Tác giả 
700 |a Trần Sắc  |e Tác giả 
700 |a Huy Thanh  |e Tác giả 
OWN |a LSP 
AVA |a UDN50  |b LSP  |d 895.9221 ĐÔC  |e available  |t Error 5001 Not defined in file expand_doc_bib_avail.  |f 4  |g 1  |h N  |i 0  |k 1 
999 |a From the UDN01 
AVA |a UDN50  |b LSP  |d 895.9221 ĐÔC  |e available  |t Error 5001 Not defined in file expand_doc_bib_avail.  |f 4  |g 1  |h N  |i 0  |k 1 
TYP |a Monograph 
TYP |a Printed language 
980 |a Mạng thư viện Đại học Đà Nẵng